An Illustrated Guide to Pediatric Urology (Post nr. 322)

MARC-detaljer
000 -LEADER
fixed length control field 03010nam a22004575i 4500
001 - CONTROL NUMBER
control field 60180
005 - DATE AND TIME OF LATEST TRANSACTION
control field 20200226102239.0
007 - PHYSICAL DESCRIPTION FIXED FIELD--GENERAL INFORMATION
fixed length control field cr nn 008mamaa
008 - FIXED-LENGTH DATA ELEMENTS--GENERAL INFORMATION
fixed length control field 161107s2017 gw | s |||| 0|eng d
020 ## - INTERNATIONAL STANDARD BOOK NUMBER
International Standard Book Number 9783319441825
-- 978-3-319-44182-5
024 7# - OTHER STANDARD IDENTIFIER
Standard number or code 10.1007/978-3-319-44182-5
Source of number or code doi
035 ## - SYSTEM CONTROL NUMBER
System control number (DE-He213)978-3-319-44182-5
050 #4 - LIBRARY OF CONGRESS CALL NUMBER
Classification number RD137-139
072 #7 - SUBJECT CATEGORY CODE
Subject category code MNC
Source bicssc
072 #7 - SUBJECT CATEGORY CODE
Subject category code MJW
Source bicssc
072 #7 - SUBJECT CATEGORY CODE
Subject category code MED085000
Source bisacsh
072 #7 - SUBJECT CATEGORY CODE
Subject category code MED069000
Source bisacsh
082 04 - DEWEY DECIMAL CLASSIFICATION NUMBER
Classification number 617.98
Edition number 23
100 1# - MAIN ENTRY--PERSONAL NAME
Personal name Al-Salem, Ahmed H.
Relator term author.
245 13 - TITLE STATEMENT
Title An Illustrated Guide to Pediatric Urology
Medium [electronic resource] /
Statement of responsibility, etc. by Ahmed H. Al-Salem.
264 #1 - PRODUCTION, PUBLICATION, DISTRIBUTION, MANUFACTURE, AND COPYRIGHT NOTICE
Place of production, publication, distribution, manufacture Cham :
Name of producer, publisher, distributor, manufacturer Springer International Publishing :
-- Imprint: Springer,
Date of production, publication, distribution, manufacture, or copyright notice 2017.
300 ## - PHYSICAL DESCRIPTION
Extent XIX, 702 p. 986 illus., 775 illus. in color.
Other physical details online resource.
336 ## - CONTENT TYPE
Content type term text
Content type code txt
Source rdacontent
337 ## - MEDIA TYPE
Media type term computer
Media type code c
Source rdamedia
338 ## - CARRIER TYPE
Carrier type term online resource
Carrier type code cr
Source rdacarrier
347 ## - DIGITAL FILE CHARACTERISTICS
File type text file
Encoding format PDF
Source rda
505 0# - FORMATTED CONTENTS NOTE
Formatted contents note 1. Congenital urological malformations -- 2. Hydronephrosis in infants and children -- 3. Pelviureteric Junction (PUJ) Obstruction -- 4. Renal tumors in children -- 5. Multicystic dysplastic kidney (MCDK) -- 6. Congenital ureteral anomalies -- 7. Congenital megaureter -- 8. Vesicoureteral reflux (VUR) in children -- 9. Pediatric urolithiasis -- 10. Persistent Mullerian duct syndrome (PMDS) -- 11. Neurogenic bladder sphincter dysfunction -- 12. Urinary tract infection in infants and children -- 13. Bladder exstrophy-epispadias complex -- 14. Megacystis Microcolon Intestinal Hypoperistalsis Syndrome (Berdon syndrome) -- 15. Cloacal anomalies -- 16. Urachal remnants -- 17. Inguinal hernia and hydrocele -- 18. Cloacal exstrophy -- 19. Posterior urethral valve -- 20. Utricular cyst (Prostatic utricular cyst) -- 21. Hypospadias -- 22. Male circumcision -- 23. Priapism in children -- 24. Undescended testes (Cryptorchidism) -- 25. Varicocele -- 26. Testicular torsion and torsion of the testicular or epididymal appendage -- 27. Testicular tumors in children -- 28. Splenogonadal fusion -- 29. Acute scrotum -- 30. Hydrocolpos, vaginal agenesis and atresia -- 31. Disorders of sexual development. .
520 ## - SUMMARY, ETC.
Summary, etc. This book is vital for physicians caring for young patients with urological conditions, as a quick reference book that is easy to read and well-illustrated. An Illustrated Guide to Pediatric Urology is useful to general surgeons, pediatricians, pediatric surgeons, fellows, residents, general physicians and family physicians, medical students and nurses. .
650 #0 - SUBJECT ADDED ENTRY--TOPICAL TERM
Topical term or geographic name entry element Medicine.
650 #0 - SUBJECT ADDED ENTRY--TOPICAL TERM
Topical term or geographic name entry element Pediatric surgery.
650 #0 - SUBJECT ADDED ENTRY--TOPICAL TERM
Topical term or geographic name entry element Urology.
650 14 - SUBJECT ADDED ENTRY--TOPICAL TERM
Topical term or geographic name entry element Medicine & Public Health.
650 24 - SUBJECT ADDED ENTRY--TOPICAL TERM
Topical term or geographic name entry element Pediatric surgery.
650 24 - SUBJECT ADDED ENTRY--TOPICAL TERM
Topical term or geographic name entry element Urology.
710 2# - ADDED ENTRY--CORPORATE NAME
Corporate name or jurisdiction name as entry element SpringerLink (Online service)
773 0# - HOST ITEM ENTRY
Title Springer eBooks
776 08 - ADDITIONAL PHYSICAL FORM ENTRY
Relationship information Printed edition:
International Standard Book Number 9783319441818
856 40 - ELECTRONIC LOCATION AND ACCESS
Uniform Resource Identifier <a href="http://dx.doi.org/10.1007/978-3-319-44182-5">http://dx.doi.org/10.1007/978-3-319-44182-5</a>
912 ## -
-- ZDB-2-SME

Inga exemplar finns tillgängliga.

Medicinska biblioteket, Karlskoga lasarett
Måndag och onsdag: 10.00-14.30, Lunchstängt 11.30-12.00.
Fredagar: 10.00-12.00.

Madelene Ribbing, bibliotekarie
Lena Mileraux, biblioteksassistent/administratör
0586-664 49
medbibl.kgalas@regionorebrolan.se




Medicinska biblioteket, Lindesbergs lasarett
Dörren till bibliotket är upplåst mellan 07-16:00 på vardagar.
Dörren i hisshallen är öppen måndag - tosdag 7.00 - 15.00. Fredagar stängt.

Bibliotekets bemanning:
Mån: självbetjäning
Tis, ons och tors: 10-15
Fre: självbetjäning

Madelene Ribbing, bibliotekarie
Telefon: 0581-853 11, 072-14 77 552
medbibl.lbglas@regionorebrolan.se